[Event "BL 1819 (Women)"]
[Site "Germany"]
[Date "2019.03.03"]
[Round "11.2"]
[White "Daulyte Cornette, Deimante"]
[Black "Cmilyte, Viktorija"]
[Result "1/2-1/2"]
[WhiteElo "2462"]
[BlackElo "2542"]
[PlyCount "71"]
[EventDate "2018.10.27"]
[EventType "team-tourn"]
[EventRounds "11"]
[EventCountry "GER"]
[SourceTitle "CBM 189 Extra"]
[Source "ChessBase"]
[SourceDate "2019.06.03"]
[SourceVersion "1"]
[SourceVersionDate "2019.06.03"]
[SourceQuality "1"]
[WhiteTeam "Schwaebisch Hall (W)"]
[BlackTeam "Baden-Baden (W)"]
[WhiteTeamCountry "GER"]
[BlackTeamCountry "GER"]

1. e4 c5 2. Nf3 Nc6 3. Nc3 e5 4. Bc4 g6 5. a3 d6 6. d3 h6 7. 0-0 Bg7 8. b4 Nge7 9. Rb1 0-0 10. Nd5 b6 11. c3 Be6 12. Be3 Kh7 13. d4 cxd4 14. cxd4 Bxd5 15. exd5 Nxd4 16. Nxd4 exd4 17. Bxd4 Bxd4 18. Qxd4 Nf5 19. Qf4 a5 20. Bd3 Ne7 21. Qd4 axb4 22. axb4 Qd7 23. Rfe1 Rfe8 24. h4 h5 25. Rbd1 b5 26. Re3 Nf5 27. Bxf5 Qxf5 28. Rf3 Qd7 29. Rf6 Re5 30. Qb6 Rae8 31. Qxd6 Re1+ 32. Rxe1 Rxe1+ 33. Kh2 Qxd6+ 34. Rxd6 Re4 35. g3 Rxb4 36. Rb6 1/2-1/2

[Event "Olympiad Women-42"]
[Site "Baku"]
[Date "2016.09.13"]
[Round "11.1"]
[White "Frayna, Janelle Mae"]
[Black "Cmilyte, Viktorija"]
[Result "0-1"]
[WhiteElo "2281"]
[BlackElo "2536"]
[PlyCount "86"]
[EventDate "2016.09.02"]
[EventType "team-swiss"]
[EventRounds "11"]
[EventCountry "AZE"]
[SourceTitle "CBM 174 Extra"]
[Source "ChessBase"]
[SourceDate "2016.10.10"]
[SourceVersion "1"]
[SourceVersionDate "2016.10.10"]
[SourceQuality "1"]
[WhiteTeam "Philippines (W)"]
[BlackTeam "Lithuania (W)"]
[WhiteTeamCountry "PHI"]
[BlackTeamCountry "LTU"]

1. d4 f5 2. Nc3 Nf6 3. Bf4 e6 4. h3 Bb4 5. Qd3 b6 6. a3 Bxc3+ 7. Qxc3 Nc6 8. Nf3 Bb7 9. Bg5 h6 10. Bxf6 Qxf6 11. e3 0-0-0 12. Bb5 Ne7 13. 0-0-0 g5 14. Qd3 Be4 15. Qe2 d6 16. Bd3 Rhf8 17. Ne1 Bb7 18. Ba6 e5 19. Bxb7+ Kxb7 20. dxe5 dxe5 21. Rxd8 Rxd8 22. e4 Qe6 23. Kb1 fxe4 24. Qxe4+ Qc6 25. Qxc6+ Nxc6 26. Nd3 e4 27. Nb4 Rd2 28. Nxc6 Kxc6 29. Rf1 Kd5 30. Kc1 e3 31. Rd1 Rxd1+ 32. Kxd1 Ke4 33. Ke2 exf2 34. Kxf2 h5 35. g3 a5 36. a4 c6 37. Ke2 b5 38. h4 gxh4 39. gxh4 b4 40. b3 Kf4 41. c3 c5 42. cxb4 cxb4 43. Kd3 Ke5 0-1

[Event "World-ch (Women) k.o."]
[Site "Sochi"]
[Date "2015.03.23"]
[Round "3.1"]
[White "Arabidze, Meri"]
[Black "Cmilyte, Viktorija"]
[Result "1/2-1/2"]
[WhiteElo "2374"]
[BlackElo "2530"]
[PlyCount "92"]
[EventDate "2015.03.17"]
[EventType "k.o."]
[EventRounds "6"]
[EventCountry "RUS"]
[SourceTitle "CBM 166"]
[Source "ChessBase"]
[SourceDate "2015.05.11"]
[SourceVersion "1"]
[SourceVersionDate "2015.05.11"]
[SourceQuality "1"]

1. d4 Nf6 2. c4 c5 3. d5 b5 4. cxb5 a6 5. bxa6 g6 6. Nc3 Bg7 7. e4 0-0 8. Bd3 Qa5 9. a7 Na6 10. Nge2 Nb4 11. Bb1 d6 12. 0-0 Qxa7 13. Nb5 Qb6 14. a4 Ba6 15. Nec3 Ne8 16. Re1 Nc7 17. Na3 Bd4 18. Be3 e6 19. a5 Qa7 20. dxe6 fxe6 21. Qd2 Nc6 22. Nc2 Rf7 23. Ra4 Raf8 24. Nxd4 cxd4 25. Rxd4 Nxd4 26. Bxd4 Qb7 27. Ba2 Re8 28. Bb6 Qc6 29. Rc1 Na8 30. Bd4 Qb7 31. f4 Qb4 32. Rd1 Bc4 33. Bxc4 Qxc4 34. Be3 Rd7 35. Qd4 Qb3 36. Qa4 Qxa4 37. Nxa4 Rb8 38. Nb6 Nxb6 39. Bxb6 Kf7 40. Kf2 Ke7 41. b4 Rdb7 42. e5 Rxb6 43. axb6 dxe5 44. fxe5 Rxb6 45. Rd4 Rb5 46. Re4 Kd7 1/2-1/2

[Event "World-ch (Women) k.o."]
[Site "Sochi"]
[Date "2015.03.21"]
[Round "2.2"]
[White "Kovalevskaya, Ekaterina"]
[Black "Cmilyte, Viktorija"]
[Result "1/2-1/2"]
[WhiteElo "2438"]
[BlackElo "2530"]
[PlyCount "88"]
[EventDate "2015.03.17"]
[EventType "k.o."]
[EventRounds "6"]
[EventCountry "RUS"]
[SourceTitle "CBM 166"]
[Source "ChessBase"]
[SourceDate "2015.05.11"]
[SourceVersion "1"]
[SourceVersionDate "2015.05.11"]
[SourceQuality "1"]

1. e4 c5 2. Nf3 Nc6 3. d4 cxd4 4. Nxd4 Nf6 5. Nc3 e5 6. Ndb5 d6 7. Bg5 a6 8. Na3 b5 9. Bxf6 gxf6 10. Nd5 f5 11. exf5 Bxf5 12. c3 Bg7 13. Nc2 0-0 14. Be2 Be6 15. 0-0 f5 16. a4 bxa4 17. Rxa4 a5 18. Bb5 Ne7 19. Bc4 Kh8 20. Nxe7 Qxe7 21. Ne3 f4 22. Nd5 Qb7 23. Qf3 Rac8 24. Ba2 Rc5 25. c4 Bd7 26. Ra3 e4 27. Qxe4 Qxb2 28. Qf3 Qe5 29. Rd3 Bf5 30. Rd2 Be4 31. Qg4 Bh6 32. Re2 Qf5 33. Qxf5 Bxf5 34. Rfe1 Bg5 35. f3 Kg7 36. Rd1 Rb8 37. Nc3 Bf6 38. Nb5 d5 39. Nd6 dxc4 40. Nxf5+ Rxf5 41. Bxc4 Rd8 42. Rxd8 Bxd8 43. Rd2 Be7 44. Rd5 Rxd5 1/2-1/2

[Event "RUS-chT (Women) 16th"]
[Site "Loo"]
[Date "2014.04.08"]
[Round "2.1"]
[White "Cmilyte, Viktorija"]
[Black "Gunina, Valentina"]
[Result "1-0"]
[WhiteElo "2511"]
[BlackElo "2508"]
[PlyCount "65"]
[EventDate "2014.04.07"]
[EventType "team-tourn"]
[EventRounds "6"]
[EventCountry "RUS"]
[SourceTitle "CBM 159 Extra"]
[Source "ChessBase"]
[SourceDate "2014.04.24"]
[SourceVersion "1"]
[SourceVersionDate "2014.04.24"]
[SourceQuality "1"]
[WhiteTeam "Yugra (W)"]
[BlackTeam "Moscow Inheritance (W)"]
[WhiteTeamCountry "RUS"]
[BlackTeamCountry "RUS"]

1. c4 e6 2. Nf3 d5 3. d4 Nf6 4. Nc3 c6 5. Bg5 Nbd7 6. e3 Qa5 7. cxd5 Nxd5 8. Rc1 h6 9. Bh4 Bb4 10. a3 Bxc3+ 11. bxc3 b6 12. Nd2 Ba6 13. c4 Ne7 14. Bd3 Nf5 15. Bxf5 Qxf5 16. 0-0 0-0 17. e4 Qf4 18. Bg3 Qg5 19. Bd6 Rfd8 20. f4 Qh4 21. Rc3 c5 22. e5 f5 23. d5 exd5 24. Nf3 Qxf4 25. Qxd5+ Kh7 26. Bc7 Qe4 27. Qf7 Rf8 28. Qxd7 Bxc4 29. Re1 Qd5 30. e6 Rac8 31. Be5 Rg8 32. Ng5+ Kh8 33. Rh3 1-0

[Event "RUS-chT (Women) 16th"]
[Site "Loo"]
[Date "2014.04.07"]
[Round "1.1"]
[White "Bodnaruk, Anastasia"]
[Black "Cmilyte, Viktorija"]
[Result "0-1"]
[WhiteElo "2453"]
[BlackElo "2511"]
[PlyCount "172"]
[EventDate "2014.04.07"]
[EventType "team-tourn"]
[EventRounds "6"]
[EventCountry "RUS"]
[SourceTitle "CBM 159 Extra"]
[Source "ChessBase"]
[SourceDate "2014.04.24"]
[SourceVersion "1"]
[SourceVersionDate "2014.04.24"]
[SourceQuality "1"]
[WhiteTeam "Chigorin CC (W)"]
[BlackTeam "Yugra (W)"]
[WhiteTeamCountry "RUS"]
[BlackTeamCountry "RUS"]

1. e4 c5 2. Nf3 d6 3. d4 Nf6 4. Nc3 cxd4 5. Nxd4 g6 6. Be3 Bg7 7. f3 0-0 8. Bc4 Nc6 9. Qd2 Bd7 10. h4 h5 11. 0-0-0 Rc8 12. Bb3 Ne5 13. Bg5 Rc5 14. Kb1 Re8 15. g4 hxg4 16. f4 Nc4 17. Qd3 Qc8 18. Bxf6 exf6 19. Bxc4 Rxc4 20. f5 Re5 21. Rhf1 gxf5 22. Nxf5 Bxf5 23. exf5 Qc5 24. Nd5 Ree4 25. c3 Re5 26. h5 Rce4 27. Rh1 Kh7 28. h6 Bh8 29. Rhg1 Qf2 30. Rgf1 Qe2 31. Qxe2 Rxe2 32. Nf4 Rh2 33. Rg1 Rxf5 34. Rxg4 Rg5 35. Rgg1 Rxg1 36. Rxg1 f5 37. Rg5 Rxh6 38. Rxf5 Rf6 39. Rh5+ Kg8 40. Rg5+ Kf8 41. Rg4 Bg7 42. Kc2 Bh6 43. Nd3 Re6 44. Ra4 Re2+ 45. Kb3 Rd2 46. Ne1 Be3 47. Re4 Bc5 48. a4 f5 49. Rf4 Rf2 50. Rxf2 Bxf2 51. Nd3 Be3 52. Kc4 Ke7 53. Kd5 Bd2 54. Nf2 Bf4 55. Nd3 Bd2 56. Nf2 Be1 57. Nd3 Bg3 58. b4 Kf6 59. c4 Kg5 60. a5 Kg4 61. Ke6 Kf3 62. Kxf5 Ke3 63. Nb2 Kd4 64. c5 dxc5 65. bxc5 Kxc5 66. Ke4 Kb5 67. Kd3 Kxa5 68. Kc4 Be5 69. Nd3 Bg7 70. Nc5 Kb6 71. Nb3 a5 72. Nc5 Kc6 73. Nd3 b5+ 74. Kb3 Bf8 75. Nb2 Kd5 76. Nd1 a4+ 77. Kc3 Kc5 78. Nf2 Bg7+ 79. Kc2 Kb4 80. Ne4 Ka3 81. Kb1 b4 82. Nc5 b3 83. Nd3 Bd4 84. Ne1 Kb4 85. Nd3+ Kc4 86. Nc1 a3 0-1

[Event "SWE-chT 1314"]
[Site "Sweden"]
[Date "2014.02.22"]
[Round "6.5"]
[White "Agrest, Evgenij"]
[Black "Cmilyte, Viktorija"]
[Result "1/2-1/2"]
[WhiteElo "2587"]
[BlackElo "2514"]
[PlyCount "83"]
[EventDate "2013.11.22"]
[EventType "team-tourn"]
[EventRounds "9"]
[EventCountry "SWE"]
[SourceTitle "EXT 2015"]
[Source "ChessBase"]
[SourceDate "2014.11.20"]
[SourceVersion "1"]
[SourceVersionDate "2014.11.20"]
[SourceQuality "1"]
[WhiteTeam "Stockholm Viking"]
[BlackTeam "Stockholm Rockaden"]
[WhiteTeamCountry "SWE"]
[BlackTeamCountry "SWE"]

1. Nf3 g6 2. c4 Bg7 3. e4 d6 4. d4 Bg4 5. Be2 Nc6 6. d5 Bxf3 7. Bxf3 Nd4 8. Bg4 e5 9. dxe6 Nxe6 10. 0-0 Nf6 11. Bf3 0-0 12. g3 Nc5 13. Nc3 Re8 14. Qc2 Nfd7 15. Be3 Qf6 16. Bg2 c6 17. Rad1 Ne5 18. b3 Nf3+ 19. Bxf3 Qxf3 20. Rxd6 Nxe4 21. Nxe4 Rxe4 22. Qd1 Qf5 23. Qd3 h5 24. f3 Re5 25. Qxf5 Rxf5 26. f4 a5 27. Rfd1 Bc3 28. R1d3 Bb2 29. Kg2 Kg7 30. c5 Ba3 31. Rd7 Bxc5 32. Rxb7 Bxe3 33. Rxe3 Rd8 34. Re2 Rfd5 35. a4 h4 36. Rb6 Rc5 37. Re5 Rxe5 38. fxe5 hxg3 39. hxg3 Re8 40. Rxc6 Rxe5 41. Rb6 f5 42. b4 1/2-1/2

[Event "LTU-chT"]
[Site "Lithuania"]
[Date "2014.02.09"]
[Round "5.1"]
[White "Cmilyte, Viktorija"]
[Black "Sulskis, Sarunas"]
[Result "0-1"]
[WhiteElo "2515"]
[BlackElo "2531"]
[PlyCount "60"]
[EventDate "2014.01.25"]
[EventType "team-swiss"]
[EventRounds "7"]
[EventCountry "LTU"]
[SourceTitle "CBM 158 Extra"]
[Source "ChessBase"]
[SourceDate "2014.02.28"]
[SourceVersion "1"]
[SourceVersionDate "2014.02.28"]
[SourceQuality "1"]
[WhiteTeam "Kaunas Milsa"]
[BlackTeam "Kaunas Margiris"]
[WhiteTeamCountry "LTU"]
[BlackTeamCountry "LTU"]

1. d4 Nf6 2. c4 e6 3. Nf3 d5 4. Bg5 dxc4 5. Qa4+ Nbd7 6. e4 c5 7. Bxc4 cxd4 8. 0-0 Be7 9. e5 Nd5 10. Bxe7 Nxe7 11. Nbd2 0-0 12. Qc2 b6 13. Qe4 Bb7 14. Qxd4 Nc6 15. Qe4 Ndxe5 16. Nxe5 Nxe5 17. Qxe5 Qxd2 18. Rad1 Qc2 19. Bb3 Qc6 20. f3 Rfc8 21. Rd6 Qc5+ 22. Qxc5 Rxc5 23. Rd7 Bc6 24. Rc7 a5 25. Rd1 Bxf3 26. Ra7 Rcc8 27. Rdd7 Rxa7 28. Rxa7 Be4 29. Kf2 g5 30. a3 Rc5 0-1

[Event "LTU-chT"]
[Site "Lithuania"]
[Date "2014.02.08"]
[Round "4.1"]
[White "Klabis, Rokas"]
[Black "Cmilyte, Viktorija"]
[Result "0-1"]
[WhiteElo "2235"]
[BlackElo "2515"]
[PlyCount "142"]
[EventDate "2014.01.25"]
[EventType "team-swiss"]
[EventRounds "7"]
[EventCountry "LTU"]
[SourceTitle "CBM 158 Extra"]
[Source "ChessBase"]
[SourceDate "2014.02.28"]
[SourceVersion "1"]
[SourceVersionDate "2014.02.28"]
[SourceQuality "1"]
[WhiteTeam "Siauliai Tomas"]
[BlackTeam "Kaunas Milsa"]
[WhiteTeamCountry "LTU"]
[BlackTeamCountry "LTU"]

1. e4 c5 2. Nc3 e6 3. g3 d5 4. Bg2 d4 5. Nce2 Nc6 6. d3 g6 7. Nf3 Bg7 8. 0-0 Nge7 9. Bd2 0-0 10. a3 e5 11. b4 cxb4 12. axb4 b5 13. Qb1 h6 14. c3 dxc3 15. Nxc3 Rb8 16. Rc1 Qd7 17. Be3 a6 18. Nd2 Nd4 19. Nb3 Nxb3 20. Qxb3 Bb7 21. Bc5 Rfd8 22. Rd1 Bf6 23. h4 Kg7 24. Rd2 Qe6 25. Qd1 Kh7 26. Kh2 h5 27. Bh3 Qc6 28. Qf3 Kg7 29. Rc1 Rd6 30. Qe3 Rdd8 31. Qf3 Rd6 32. Qe3 Rdd8 33. Ne2 Qe8 34. Bb6 Nc6 35. Bxd8 Qxd8 36. Rb1 Qe7 37. Rdb2 Rd8 38. Rb3 Qd6 39. Qb6 Rb8 40. Qe3 Re8 41. Qb6 Rb8 42. Rc1 Be7 43. Rcb1 Bd8 44. Qc5 Qf6 45. Rf1 Be7 46. Qc3 Rd8 47. f4 exf4 48. Qxf6+ Bxf6 49. gxf4 Bxh4 50. Bg2 Bc8 51. Rc1 Be6 52. Rbb1 Nd4 53. Nxd4 Rxd4 54. Bf1 Be7 55. Rc6 Bd6 56. e5 Bxb4 57. Rxa6 Rxf4 58. Bg2 Rh4+ 59. Kg3 Rg4+ 60. Kh2 Bc3 61. Rxb5 Rg5 62. Kh1 Kh6 63. Ra3 Bxe5 64. Raa5 f6 65. Rb6 Bf5 66. Ra8 Rg4 67. Rb3 Rg3 68. Raa3 Re3 69. Kg1 Bd4 70. Kf1 h4 71. Be4 Bh3+ 0-1

[Event "Beijing Sportaccord Basque (Women)"]
[Site "Beijing"]
[Date "2013.12.18"]
[Round "4.1"]
[White "Cmilyte, Viktorija"]
[Black "Cramling, Pia"]
[Result "1-0"]
[WhiteElo "2514"]
[BlackElo "2525"]
[PlyCount "149"]
[EventDate "2013.12.17"]
[EventType "swiss (rapid)"]
[EventRounds "5"]
[EventCountry "CHN"]
[SourceTitle "CBM 158 Extra"]
[Source "ChessBase"]
[SourceDate "2014.02.28"]
[SourceVersion "1"]
[SourceVersionDate "2014.02.28"]
[SourceQuality "1"]

1. d4 Nf6 2. c4 e6 3. Nf3 b6 4. g3 Bb4+ 5. Bd2 Bxd2+ 6. Qxd2 Ba6 7. b3 d5 8. Bg2 c6 9. Ne5 Nfd7 10. Nd3 0-0 11. 0-0 Nf6 12. Ne5 Nfd7 13. Nd3 Nf6 14. Nb4 Bb7 15. Nc3 Nbd7 16. Rad1 Rb8 17. Nc2 Qe7 18. Rfe1 Rfd8 19. Qf4 h6 20. Rc1 Re8 21. cxd5 Nxd5 22. Nxd5 exd5 23. Ne3 Qg5 24. Qc7 Qd8 25. Qd6 Re6 26. Qf4 Rf6 27. Qh4 Nf8 28. Ng4 Re6 29. Qxd8 Rxd8 30. b4 Ng6 31. Rc3 Ba6 32. Ne3 Bb5 33. Bh3 Ree8 34. Bf1 Ne7 35. Ra1 Ba6 36. a4 Bc8 37. Rac1 Bd7 38. Ra1 f6 39. a5 b5 40. h4 h5 41. Kh2 Kf7 42. Bg2 g5 43. Bf3 g4 44. Bg2 Ng6 45. Rac1 Ne7 46. Rc5 f5 47. Nd1 Ng6 48. e3 Re7 49. Nb2 Rde8 50. Nd3 Rd8 51. Kg1 Re6 52. R5c3 Be8 53. Nc5 Rf6 54. Bf1 Ne7 55. Nd3 Ng6 56. Bg2 Re6 57. Kf1 Rdd6 58. Nc5 Re7 59. Nb3 Ree6 60. Rc5 Kf6 61. a6 Re7 62. Na5 Ree6 63. R5c2 Kg7 64. Nb7 Rd7 65. Nc5 Rdd6 66. Nxe6+ Rxe6 67. Bxd5 cxd5 68. Rc7+ Kf6 69. Rxa7 Bc6 70. Rc5 Ne7 71. Rc7 Ba8 72. a7 Ra6 73. Rxb5 Ra1+ 74. Ke2 Nc6 75. Rb6 1-0

[Event "Beijing Sportaccord Basque (Women)"]
[Site "Beijing"]
[Date "2013.12.18"]
[Round "5.2"]
[White "Cmilyte, Viktorija"]
[Black "Dzagnidze, Nana"]
[Result "1-0"]
[WhiteElo "2514"]
[BlackElo "2557"]
[PlyCount "113"]
[EventDate "2013.12.17"]
[EventType "swiss (rapid)"]
[EventRounds "5"]
[EventCountry "CHN"]
[SourceTitle "CBM 158 Extra"]
[Source "ChessBase"]
[SourceDate "2014.02.28"]
[SourceVersion "1"]
[SourceVersionDate "2014.02.28"]
[SourceQuality "1"]

1. d4 Nf6 2. c4 e6 3. Nf3 b6 4. g3 Bb4+ 5. Bd2 Bxd2+ 6. Qxd2 Ba6 7. b3 0-0 8. Bg2 d5 9. 0-0 Qd6 10. Ne5 Nbd7 11. f4 c5 12. e3 cxd4 13. Qxd4 Rac8 14. Rd1 Rfd8 15. cxd5 exd5 16. Nc3 Qc5 17. Rac1 Nf8 18. Nxd5 Qd6 19. Nc6 Nxd5 20. Nxd8 Rxc1 21. Rxc1 Qa3 22. Rd1 Nf6 23. Nc6 Bb7 24. Qb4 Qa6 25. Ne7+ Kh8 26. Qc4 Qxa2 27. Qf1 Qxb3 28. Rd3 Qe6 29. Bxb7 Qxe7 30. Bf3 h6 31. Qa1 Ne6 32. Qe5 Qb4 33. Qc3 Qb1+ 34. Rd1 Qb5 35. Qc8+ Kh7 36. Qc2+ Kg8 37. Bc6 Qb4 38. Rb1 Qa3 39. Qb3 Qc5 40. Bf3 g5 41. Kg2 Kg7 42. Ra1 b5 43. Ra5 Nc7 44. Ra2 a6 45. Rc2 Qe7 46. Rc6 g4 47. Bxg4 Ncd5 48. Bf3 Nxe3+ 49. Kg1 Qa7 50. Kh1 Qd4 51. Qc3 Qxc3 52. Rxc3 Nfd5 53. Rd3 Nb4 54. Rxe3 a5 55. Be2 Nc2 56. Re5 a4 57. Bxb5 1-0

[Event "Beijing Sportaccord Basque (Women)"]
[Site "Beijing"]
[Date "2013.12.17"]
[Round "1.1"]
[White "Lagno, Kateryna"]
[Black "Cmilyte, Viktorija"]
[Result "0-1"]
[WhiteElo "2543"]
[BlackElo "2514"]
[PlyCount "126"]
[EventDate "2013.12.17"]
[EventType "swiss (rapid)"]
[EventRounds "5"]
[EventCountry "CHN"]
[SourceTitle "CBM 158 Extra"]
[Source "ChessBase"]
[SourceDate "2014.02.28"]
[SourceVersion "1"]
[SourceVersionDate "2014.02.28"]
[SourceQuality "1"]

1. Nf3 d6 2. d4 f5 3. b3 Nf6 4. Bb2 g6 5. e3 Bg7 6. Be2 0-0 7. 0-0 c6 8. c4 Qc7 9. Nbd2 Re8 10. c5 Ne4 11. Qc2 d5 12. Ne5 Nd7 13. Nxd7 Bxd7 14. f4 b6 15. b4 a5 16. Nxe4 fxe4 17. bxa5 bxc5 18. dxc5 Bxb2 19. Qxb2 Rxa5 20. g4 Rf8 21. Qd4 Qa7 22. Rfc1 Rxa2 23. Bc4 Rxa1 24. Rxa1 Qc7 25. Be2 Re8 26. Rf1 e5 27. fxe5 Qxe5 28. Qxe5 Rxe5 29. Rb1 Kf7 30. Rb7 Ke7 31. Kf2 g5 32. Kg3 Re6 33. h4 h6 34. Ra7 Rf6 35. h5 Rf8 36. Bd1 Ke6 37. Ra6 Rf1 38. Ba4 Ra1 39. Ra8 Ra3 40. Kf2 Ke5 41. Rd8 Rxa4 42. Rxd7 Ra2+ 43. Kg3 Re2 44. Re7+ Kf6 45. Rh7 Rxe3+ 46. Kg2 Ke5 47. Rxh6 Kf4 48. Rxc6 Rg3+ 49. Kf2 d4 50. Rf6+ Kxg4 51. h6 d3 52. Re6 Rf3+ 53. Kg2 d2 54. Rd6 Rd3 55. Rxd3 exd3 56. h7 d1Q 57. h8Q Qe2+ 58. Kh1 Qf1+ 59. Kh2 Qf2+ 60. Kh1 d2 61. Qc8+ Qf5 62. Qd8 Qf1+ 63. Kh2 Qe2+ 0-1

[Event "Beijing Sportaccord blitz (Women)"]
[Site "Beijing"]
[Date "2013.12.16"]
[Round "22"]
[White "Cmilyte, Viktorija"]
[Black "Hou, Yifan"]
[Result "0-1"]
[WhiteElo "2514"]
[BlackElo "2629"]
[PlyCount "88"]
[EventDate "2013.12.14"]
[EventType "tourn (blitz)"]
[EventRounds "30"]
[EventCountry "CHN"]
[EventCategory "12"]
[SourceTitle "CBM 157 Extra"]
[Source "ChessBase"]
[SourceDate "2013.12.19"]
[SourceVersion "1"]
[SourceVersionDate "2013.12.19"]
[SourceQuality "1"]

1. d4 e6 2. c4 Nf6 3. Nf3 b6 4. a3 Bb7 5. Nc3 g6 6. g3 Bg7 7. Bg2 0-0 8. 0-0 c5 9. dxc5 bxc5 10. Bf4 d5 11. cxd5 Nxd5 12. Nxd5 Bxd5 13. Qc2 Qb6 14. Be5 f6 15. Bc3 Nc6 16. e3 Rad8 17. Nd2 Bxg2 18. Kxg2 Rd5 19. Nc4 Qb7 20. Kg1 Rfd8 21. Rfd1 Qd7 22. Rd2 Rxd2 23. Qxd2 Qd5 24. Qe2 e5 25. f3 h5 26. e4 Nd4 27. Bxd4 Qxd4+ 28. Kg2 Bh6 29. Re1 Kg7 30. Qc2 h4 31. Kh3 hxg3 32. hxg3 Bg5 33. Kg2 Qd7 34. Rh1 Qd4 35. Re1 Qd7 36. Rh1 Qe6 37. b3 Qd7 38. Qc3 Qd4 39. Qa5 Rd7 40. Qb5 Qd3 41. Qxc5 Qc2+ 42. Qf2 Qxb3 43. Qe2 Rc7 44. Nd6 Rc2 0-1

[Event "Beijing Sportaccord blitz (Women)"]
[Site "Beijing"]
[Date "2013.12.16"]
[Round "21"]
[White "Koneru, Humpy"]
[Black "Cmilyte, Viktorija"]
[Result "1-0"]
[WhiteElo "2607"]
[BlackElo "2514"]
[PlyCount "93"]
[EventDate "2013.12.14"]
[EventType "tourn (blitz)"]
[EventRounds "30"]
[EventCountry "CHN"]
[EventCategory "12"]
[SourceTitle "CBM 157 Extra"]
[Source "ChessBase"]
[SourceDate "2013.12.19"]
[SourceVersion "1"]
[SourceVersionDate "2013.12.19"]
[SourceQuality "1"]

1. Nf3 g6 2. e4 d6 3. d4 Nf6 4. Nc3 Bg7 5. Be2 0-0 6. 0-0 c6 7. a4 Qc7 8. h3 Nbd7 9. a5 e5 10. dxe5 dxe5 11. Be3 Re8 12. b4 a6 13. Bc4 h6 14. Qc1 h5 15. Ng5 Rf8 16. Qb2 Nh7 17. h4 Ndf6 18. Bc5 Nxg5 19. hxg5 Nh7 20. Bxf8 Bxf8 21. Na4 Nxg5 22. Nb6 Rb8 23. Nxc8 Rxc8 24. Rfe1 Qe7 25. c3 h4 26. Qe2 h3 27. Qg4 Rd8 28. gxh3 Qf6 29. Kg2 Rd2 30. Re2 Rxe2 31. Qxe2 Qf4 32. Re1 Bh6 33. Qg4 Qd2 34. Re3 Kg7 35. Rd3 Qe1 36. Re3 Qd2 37. Qe2 Qd7 38. Rd3 Qc8 39. Qg4 Qxg4+ 40. hxg4 Nxe4 41. Rd7 Nxc3 42. Rxf7+ Kh8 43. Rxb7 Nb5 44. Rb6 Bd2 45. Rxc6 Bxb4 46. Rxa6 Na3 47. Bd3 1-0

[Event "Beijing Sportaccord blitz (Women)"]
[Site "Beijing"]
[Date "2013.12.16"]
[Round "26"]
[White "Ushenina, Anna"]
[Black "Cmilyte, Viktorija"]
[Result "1-0"]
[WhiteElo "2501"]
[BlackElo "2514"]
[PlyCount "83"]
[EventDate "2013.12.14"]
[EventType "tourn (blitz)"]
[EventRounds "30"]
[EventCountry "CHN"]
[EventCategory "12"]
[SourceTitle "CBM 157 Extra"]
[Source "ChessBase"]
[SourceDate "2013.12.19"]
[SourceVersion "1"]
[SourceVersionDate "2013.12.19"]
[SourceQuality "1"]

1. d4 Nf6 2. c4 c5 3. d5 b5 4. cxb5 a6 5. e3 g6 6. Nc3 Bg7 7. a4 0-0 8. Ra3 d6 9. Bc4 Nbd7 10. Nge2 Nb6 11. b3 axb5 12. axb5 Bb7 13. 0-0 Rxa3 14. Bxa3 Qa8 15. Bb2 Nfxd5 16. Nxd5 Nxd5 17. Bxg7 Kxg7 18. Qd2 Nb6 19. f3 d5 20. Bd3 f6 21. Qc3 Qc8 22. Rc1 Nd7 23. Nf4 Kf7 24. e4 e6 25. exd5 exd5 26. h4 Qc7 27. Qd2 Qb6 28. Kh1 Qd6 29. h5 Ne5 30. Be4 Rd8 31. Rd1 dxe4 32. Qxd6 Rxd6 33. Rxd6 exf3 34. hxg6+ hxg6 35. gxf3 Bxf3+ 36. Kg1 g5 37. Nd5 c4 38. bxc4 g4 39. b6 Nxc4 40. Rxf6+ Kg7 41. Rxf3 Nxb6 42. Rf5 1-0

[Event "Beijing Sportaccord blitz (Women)"]
[Site "Beijing"]
[Date "2013.12.15"]
[Round "13"]
[White "Cmilyte, Viktorija"]
[Black "Cramling, Pia"]
[Result "1/2-1/2"]
[WhiteElo "2514"]
[BlackElo "2525"]
[PlyCount "65"]
[EventDate "2013.12.14"]
[EventType "tourn (blitz)"]
[EventRounds "30"]
[EventCountry "CHN"]
[EventCategory "12"]
[SourceTitle "CBM 157 Extra"]
[Source "ChessBase"]
[SourceDate "2013.12.19"]
[SourceVersion "1"]
[SourceVersionDate "2013.12.19"]
[SourceQuality "1"]

1. Nf3 d5 2. d4 Nf6 3. c4 dxc4 4. e3 e6 5. Bxc4 a6 6. 0-0 c5 7. dxc5 Qxd1 8. Rxd1 Bxc5 9. Nc3 b5 10. Be2 Bb7 11. b3 Nbd7 12. Bb2 0-0 13. Rac1 Rac8 14. h3 Rfd8 15. a4 b4 16. Nb1 Ne4 17. Nbd2 Nxd2 18. Rxd2 Be7 19. Rcd1 Nc5 20. Rxd8+ Rxd8 21. Rxd8+ Bxd8 22. Nd2 Bd5 23. Bd1 Nd3 24. Ba1 f6 25. Kf1 e5 26. f3 Kf7 27. e4 Be6 28. Ke2 Nc1+ 29. Kf1 Nd3 30. Ke2 Nc1+ 31. Kf1 Nd3 32. Ke2 Nc1+ 33. Kf1 1/2-1/2

[Event "Beijing Sportaccord blitz (Women)"]
[Site "Beijing"]
[Date "2013.12.15"]
[Round "14"]
[White "Ju, Wenjun"]
[Black "Cmilyte, Viktorija"]
[Result "1-0"]
[WhiteElo "2514"]
[BlackElo "2514"]
[PlyCount "99"]
[EventDate "2013.12.14"]
[EventType "tourn (blitz)"]
[EventRounds "30"]
[EventCountry "CHN"]
[EventCategory "12"]
[SourceTitle "CBM 157 Extra"]
[Source "ChessBase"]
[SourceDate "2013.12.19"]
[SourceVersion "1"]
[SourceVersionDate "2013.12.19"]
[SourceQuality "1"]

1. Nf3 g6 2. d4 d6 3. e4 Nf6 4. Bd3 Bg7 5. c3 c5 6. 0-0 0-0 7. h3 Qc7 8. a4 Nbd7 9. Na3 b6 10. Re1 Bb7 11. Bf4 e5 12. Bh2 a6 13. dxe5 Nxe5 14. Nxe5 dxe5 15. Nc4 Nh5 16. Qb3 Rad8 17. Bf1 Rb8 18. Qxb6 Qe7 19. Qd6 Qxd6 20. Nxd6 Bc6 21. Ra2 Ba8 22. a5 Rfd8 23. Nc4 Nf4 24. Nb6 Bb7 25. b4 cxb4 26. cxb4 Bf8 27. b5 axb5 28. Bxf4 exf4 29. Bxb5 Bb4 30. Ree2 Bc5 31. Nd7 Ba6 32. Nxc5 Bxb5 33. Reb2 Rdc8 34. Rc2 Ra8 35. f3 Rc6 36. Kh2 Ra7 37. Nb3 Rxc2 38. Rxc2 Ba4 39. Rc8+ Kg7 40. Nd4 Rxa5 41. Ne2 g5 42. Nd4 Kg6 43. Rd8 Rc5 44. Rd6+ f6 45. Ra6 Bd7 46. Rd6 Rc7 47. e5 Ba4 48. Rxf6+ Kg7 49. Ne6+ Kg8 50. Rf8# 1-0